| 000 | 01155cas a22003137a 4500 | ||
|---|---|---|---|
| 005 | 20220329142325.0 | ||
| 008 | 000626 mx q p rnn 0 b1spa d | ||
| 010 | _a81717 | ||
| 011 | _a82689 | ||
| 022 | _a0185-0903 | ||
| 035 | _a93190 | ||
| 245 | 0 | 0 |
_aClase _c/por Universidad Nacional Autónoma de Mëxico. Centro de Información Científica y Humanística |
| 260 | 0 |
_aMéxico, D. F. : _bUniversidad Nacional Autónoma de Mëxico. Centro de Información Científica y Humanística, _c19- |
|
| 300 | _av. | ||
| 310 | _aTrimestral | ||
| 362 | _av.20 n.4, 1996 | ||
| 590 |
_aBATCH-UPD _b10 _c20130110 _lUCH01 _h2336 |
||
| 590 |
_aBATCH-UPD _b10 _c20130410 _lUCH01 _h1625 |
||
| 590 |
_aBATCH-UPD _b10 _c20130914 _lUCH01 _h0938 |
||
| 590 |
_aCONVERSION _b10 _c20130109 _lUCH01 _h1345 |
||
| 650 | 1 | 4 |
_aCiencias sociales _xBibliografía _xPublicaciones periódicas. _923216 |
| 650 | 2 | 4 |
_aHumanismo _xPublicaciones periódicas. _956861 |
| 866 | _av.11 n.3-v.12 n.1 (1987-1988) | ||
| 866 | _av.12 n.3-4 (1988) | ||
| 866 | _av.13 n.2-v.19 n.3 (1989-1995) | ||
| 866 | _av.20 n.2,4 (1996) | ||
| 901 | _aSE | ||
| 905 | _aLilia Sánchez G. | ||
| 999 |
_c81717 _d81717 |
||